| 000 | 01020nam a22002895a 4500 | ||
|---|---|---|---|
| 008 | 150609t2015 flua frbe 001 0 eng d | ||
| 020 | _a9781466510227 (vol. 1) | ||
| 020 | _a9781466510234 (vol. 2) | ||
| 020 | _a9781466510265 (vol. 3) | ||
| 020 | _a9781498703277 (vol. 4) | ||
| 020 | _a9781466506732 | ||
| 040 |
_aEG-ScBUE _beng _cEG-ScBUE |
||
| 082 | 0 | 4 |
_a621.04203 _bENC _222 |
| 245 | 0 | 0 |
_aEncyclopedia of energy engineering and technology / _cedited by Sohail Anwar. |
| 250 | _a2nd ed. | ||
| 260 |
_aBoca Raton : _bCRC Press / Taylor & Francis Group, _cc.2015. |
||
| 300 |
_a4 v. : _bill. ; _c29 cm. |
||
| 504 | _aIncludes bibliographic references and indexes. | ||
| 650 | 0 |
_aPower (Mechanics) _vEncyclopedias. _2BUEsh |
|
| 650 | 0 |
_aEnergy conservation. _vEncyclopedias. _2BUEsh |
|
| 650 | 0 |
_aPower resources _vEncyclopedias. _2BUEsh |
|
| 651 | _2BUEsh | ||
| 653 |
_bENGGEN _cJune2015 _cJuly2015 |
||
| 655 |
_vreading book _934232 |
||
| 700 | 1 |
_aAnwar, Sohail, _eeditor. |
|
| 942 |
_2ddc _k621.04203 ENC |
||
| 999 |
_c19542 _d19514 |
||